000 00654nam a2200181 a 4500
001 000033543
003 OSt
005 20260321073642.0
008 110831s1984 nyu 000 0 spa d
040 _aDO-SdBNP
_bspa
_cBNPHU
082 _axxx
_bB742u
100 1 _a Bosch, Juan,
_d1909-2001
_976555
245 1 0 _aThe unfinished experiment :
_bdemocracy in the Dominican Republic /
_cJuan Bosch.
260 _aNew York :
_bFrederick A. Praeger,
_c1984.
300 _axiii, 239 p. ;
_c22 cm.
534 _pTítulo original :
_tCrisis de la democracia de América en la República Dominicana :
_cCentro de Estudios y Documentación Sociales
942 _2ddc
_cLBS1
999 _c33034
_d33034